|
|
|
|
| LEADER |
00000cam a2200000 7i4500 |
| 001 |
0000033618 |
| 005 |
20180405093000.0 |
| 020 |
|
|
|a 0700702962 ,
|c pbk
|
| 020 |
|
|
|a 0700702997 ,
|c hdk
|
| 090 |
0 |
0 |
|a DS361
|b .O43 1995
|
| 100 |
0 |
|
|a Olesen, Asta ,
|d 1952- ,
|e author
|
| 245 |
0 |
0 |
|a Islam and politics in Afghanistan
|c Asta Olesen
|
| 260 |
2 |
|
|a Richmond, Surrey, England :
|b Curzon Press ,
|c 1996
|
| 300 |
|
|
|a xiii, 351 p. ; ;
|c 22 cm.
|
| 504 |
|
|
|a Includes bibliographical references and index
|
| 650 |
|
0 |
|a Islam and politics
|z Afghanistan
|
| 651 |
|
0 |
|a Afghanistan
|x Politics and government
|
| 999 |
|
|
|a 1000067539
|b Book
|c OPEN SHELF (30 DAYS)
|e Gong Badak Campus
|